00615nam a2200181 i 4500001000700000003000900007005001700016008004100033080001700074100003000091245013300121260003400254300004000288490003100328700001700359830003100376852002600407188507ES-MaACL20250819063113.0181212s1962 sp |||| | spa d a86-293.8"19"1 aCruz, José Manuel de la13aEl tribunal de la historia : [de Poncio Pilato a la bomba atómica] /cJosé Manuel de la Cruz ; presentación de Manuel Riu. aBarcelona : bAymá, c1962. a198 p., [8] h. de lám. ; c19 cm.1 aVoz-imagen. Serie TV ; v21 aRiu, Manuel.1 aVoz-imagen. Serie TV ; v2 aES-MaACLjP-131-bis-2